IPA pronunciation Quiz Stats

 Plays Quiz Updated Feb 23, 2012

Challenge
Share
Tweet
Embed
Score 0/26 Timer 05:00
23 Plays Today
IPA Spelling Word % Correct
pliːzPlease
83%
ˈfæməliFamily
79%
lʌvLove
77.6%
zuːZoo
71.5%
ˈbjuːtiBeauty
69.3%
kwaɪətQuiet
66.2%
ˈgɹəˌfiː.tiGraffiti
64.7%
kɪŋKing
61.2%
jɛsYes
59.7%
dɪˈsaɪdDecide
58.2%
aɪsIce
57.9%
kəˈɹɛktCorrect
57.8%
haɪtHeight
57.4%
IPA Spelling Word % Correct
i:lEel
55.4%
əˈmʌŋAmong
55.2%
ˈjunɪtiUnity
53.4%
ˈnʌθɪŋNothing
53.2%
ˈdʒɛl.iJelly
50.4%
vɔɪsVoice
49.8%
ˈzaɪ.lə.ˌfəʊnXylophone
49.5%
ˈθaʊ.zndThousand
49.4%
məˈʃiːnMachine
40.8%
ɹɪstWrist
40.8%
ʃeɪpShape
37.2%
ˈəʊ.ʃənOcean
37.1%
ˈrɪð.əmRhythm
36.6%

You're not logged in!

Compare scores with friends on all Sporcle quizzes.
Join for Free
OR
Log In

You Might Also Like...

Show Comments

Extras

Top Quizzes Today


Score Distribution

Your Account Isn't Verified!

In order to create a playlist on Sporcle, you need to verify the email address you used during registration. Go to your Sporcle Settings to finish the process.

Report this User

Report this user for behavior that violates our Community Guidelines.

Details: